[Event "Quebec-ch Senior"]
[Site "Montreal"]
[Date "2018.04.22"]
[Round "5.1"]
[White "Barbeau, Sylvain"]
[Black "Kozlov, Guennadi"]
[Result "1-0"]
[WhiteElo "2320"]
[BlackElo "1680"]
[PlyCount "65"]
[EventDate "2018.04.20"]
[EventType "swiss"]
[EventRounds "5"]
[EventCountry "CAN"]
[SourceTitle "EXT 2022"]
[Source "ChessBase"]
[SourceDate "2021.10.06"]
[SourceVersion "1"]
[SourceVersionDate "2021.10.06"]
[SourceQuality "1"]

1. f4 b6 2. e4 Bb7 3. Nc3 e6 4. Nf3 d5 5. Qe2 Ne7 6. g3 g6 7. Bg2 Bg7 8. e5 0-0 9. d3 a6 10. Bd2 c5 11. g4 Nbc6 12. h4 Qc7 13. h5 Rad8 14. hxg6 fxg6 15. Qf2 h6 16. 0-0-0 Na5 17. Kb1 Bc6 18. Qh4 Kf7 19. f5 exf5 20. Bxh6 Rh8 21. Qg5 Bxe5 22. Nxe5+ Qxe5 23. Rde1 Qf6 24. Qc1 Rde8 25. Bg5 Qg7 26. Bxe7 Rxh1 27. Bxh1 Rxe7 28. Bxd5+ Bxd5 29. Nxd5 Rb7 30. Qg5 Nc6 31. gxf5 gxf5 32. Qxf5+ Kg8 33. Re8+ 1-0

[Event "Quebec-ch op"]
[Site "Montreal"]
[Date "2016.07.29"]
[Round "8"]
[White "Lopez Linares, Lizandro Fernando"]
[Black "Barbeau, Sylvain"]
[Result "0-1"]
[WhiteElo "1984"]
[BlackElo "2313"]
[PlyCount "56"]
[EventDate "2016.07.23"]
[EventType "swiss"]
[EventRounds "8"]
[EventCountry "CAN"]
[SourceTitle "CBM 173 Extra"]
[Source "ChessBase"]
[SourceDate "2016.08.29"]
[SourceVersion "1"]
[SourceVersionDate "2016.08.29"]
[SourceQuality "1"]

1. d4 d6 2. Nf3 g6 3. Bf4 f5 4. c4 Nf6 5. Nc3 Bg7 6. e3 0-0 7. Qc2 Nc6 8. 0-0-0 Nh5 9. c5 Kh8 10. Qb3 a6 11. d5 Nb8 12. Ng5 Nd7 13. Na4 Ndf6 14. Be2 h6 15. Ne6 Bxe6 16. dxe6 Nxf4 17. exf4 Ne4 18. Bf3 b5 19. cxb6 cxb6 20. Bxe4 fxe4 21. Kb1 Rxf4 22. Qe3 Rf5 23. Rd2 Rb8 24. Rhd1 Re5 25. Nc3 Qc8 26. Nd5 Qxe6 27. Nxb6 Rb5 28. Na4 Qc4 0-1

[Event "Quebec-ch op"]
[Site "Montreal"]
[Date "2016.07.26"]
[Round "5"]
[White "Barbeau, Sylvain"]
[Black "Soudre, Nicolas"]
[Result "1-0"]
[WhiteElo "2313"]
[BlackElo "2084"]
[PlyCount "159"]
[EventDate "2016.07.23"]
[EventType "swiss"]
[EventRounds "8"]
[EventCountry "CAN"]
[SourceTitle "CBM 173 Extra"]
[Source "ChessBase"]
[SourceDate "2016.08.29"]
[SourceVersion "1"]
[SourceVersionDate "2016.08.29"]
[SourceQuality "1"]

1. Nf3 Nc6 2. d4 d5 3. Bg5 Nf6 4. e3 Bf5 5. c3 e6 6. Nbd2 Bd6 7. Be2 Qd7 8. 0-0 Ne4 9. Bf4 0-0 10. Nb3 f6 11. Bxd6 Nxd6 12. Nh4 b6 13. Nxf5 Nxf5 14. c4 Nce7 15. Rc1 c6 16. Qd2 Nd6 17. cxd5 exd5 18. Rc2 Rac8 19. Qb4 Rc7 20. Rfc1 f5 21. Nd2 f4 22. exf4 Rxf4 23. Nf3 Ng6 24. Qd2 Ne4 25. Qe3 Rf6 26. Bd3 Re6 27. Ng5 Nxg5 28. Qxg5 Qe7 29. Qxe7 Nxe7 30. b4 Kf8 31. Kf1 Ke8 32. Re1 Rxe1+ 33. Kxe1 h6 34. f4 Kd7 35. Kf2 Kd6 36. g4 c5 37. bxc5+ bxc5 38. dxc5+ Rxc5 39. Rxc5 Kxc5 40. Ke3 Kd6 41. Bb5 Kc5 42. Ba4 Kb4 43. Bb3 Kc5 44. f5 Nc6 45. Kf4 Kd6 46. a3 Ne5 47. g5 hxg5+ 48. Kxg5 Nf3+ 49. Kg6 Nh4+ 50. Kxg7 Nxf5+ 51. Kf6 Nh4 52. Bd1 d4 53. Kg5 Ng2 54. h4 Ke7 55. h5 Kf8 56. Kf6 Kg8 57. Ke5 d3 58. Ke4 d2 59. Kd3 Nf4+ 60. Kxd2 Ng2 61. Kc3 Ne3 62. Bf3 Kg7 63. Kd3 Nf5 64. Kc4 Ne3+ 65. Kc5 Nc2 66. a4 Kh6 67. Bd1 Ne3 68. Bb3 Kxh5 69. a5 Kg5 70. Kb5 Ng4 71. Ka6 Ne5 72. Bd5 Kf6 73. Kxa7 Ke7 74. Kb6 Kd6 75. a6 Nd7+ 76. Ka5 Kc7 77. a7 Nb6 78. Bf3 Nc4+ 79. Ka6 Nb6 80. Bg2 1-0

[Event "Quebec-ch op"]
[Site "Montreal"]
[Date "2016.07.24"]
[Round "2"]
[White "Gagnon, Serge"]
[Black "Barbeau, Sylvain"]
[Result "0-1"]
[WhiteElo "2013"]
[BlackElo "2313"]
[PlyCount "68"]
[EventDate "2016.07.23"]
[EventType "swiss"]
[EventRounds "8"]
[EventCountry "CAN"]
[SourceTitle "CBM 173 Extra"]
[Source "ChessBase"]
[SourceDate "2016.08.29"]
[SourceVersion "1"]
[SourceVersionDate "2016.08.29"]
[SourceQuality "1"]

1. d4 Nf6 2. c4 g6 3. Nf3 Bg7 4. g3 0-0 5. Bg2 d5 6. 0-0 dxc4 7. Nc3 Nc6 8. e4 Bg4 9. Be3 Nd7 10. h3 Bxf3 11. Bxf3 Nb6 12. d5 Ne5 13. Be2 c6 14. dxc6 bxc6 15. Qc2 Qc8 16. Kg2 Rd8 17. Rad1 Qe6 18. Rxd8+ Rxd8 19. Rd1 Rxd1 20. Qxd1 Qd6 21. Qf1 Nd3 22. Nd1 Qb4 23. Bxd3 cxd3 24. Qxd3 h5 25. Qd8+ Kh7 26. Qd3 Bxb2 27. Qc2 Bf6 28. Bc5 Qa5 29. Ne3 Nd7 30. e5 Nxc5 31. exf6 exf6 32. Nc4 Qd8 33. Ne3 Qd6 34. Qe2 Qe6 0-1

[Event "Quebec-ch Senior"]
[Site "Montreal"]
[Date "2016.04.24"]
[Round "5.1"]
[White "Barbeau, Sylvain"]
[Black "Lamoureux, Yvon"]
[Result "1-0"]
[WhiteElo "2306"]
[BlackElo "1624"]
[PlyCount "149"]
[EventDate "2016.04.22"]
[EventType "swiss"]
[EventRounds "5"]
[EventCountry "CAN"]
[SourceTitle "EXT 2022"]
[Source "ChessBase"]
[SourceDate "2021.10.06"]
[SourceVersion "1"]
[SourceVersionDate "2021.10.06"]
[SourceQuality "1"]

1. Nf3 Nf6 2. g3 g6 3. Bg2 Bg7 4. c4 d6 5. d4 c6 6. 0-0 Nbd7 7. Nc3 0-0 8. e4 e5 9. h3 h6 10. Be3 Re8 11. Qc2 a6 12. dxe5 dxe5 13. c5 Qe7 14. Na4 Rb8 15. Rfd1 Bf8 16. Nd2 Kh7 17. Nc4 Qe6 18. Rd2 g5 19. Rad1 Kg7 20. a3 Kg8 21. b4 Kg7 22. Nd6 Bxd6 23. Rxd6 Qe7 24. Qd2 Nf8 25. h4 N6h7 26. hxg5 hxg5 27. Qc3 f6 28. Nb6 Be6 29. Bf1 Rbd8 30. Be2 Rxd6 31. cxd6 Qf7 32. a4 Nd7 33. b5 axb5 34. axb5 Nxb6 35. Bxb6 Qd7 36. bxc6 bxc6 37. Bc7 Nf8 38. Rc1 Ra8 39. Qxc6 Qxc6 40. Rxc6 Ra1+ 41. Kg2 Re1 42. Rc2 Kf7 43. Bh5+ Kg7 44. Be2 f5 45. exf5 Bxf5 46. Rd2 Nd7 47. f3 e4 48. Kf2 Rc1 49. fxe4 Bxe4 50. Bg4 Bc6 51. Re2 Nf6 52. Bf5 Rd1 53. Re7+ Kf8 54. Re6 Kf7 55. Bd8 Ne8 56. Be7 Bd7 57. Re5 Bxf5 58. Rxf5+ Ke6 59. Rxg5 Nxd6 60. Bxd6 Kxd6 61. Rf5 Ke6 62. Rf4 Ke5 63. Kg2 Rd8 64. Kf3 Rg8 65. g4 Rg5 66. Rf8 Rg6 67. Kg3 Ke6 68. Kh4 Ke7 69. Rf2 Rf6 70. Rxf6 Kxf6 71. Kh5 Kg7 72. Kg5 Kh7 73. Kf6 Kg8 74. g5 Kf8 75. g6 1-0

[Event "Quebec-ch Senior"]
[Site "Montreal"]
[Date "2016.04.23"]
[Round "2.1"]
[White "Jean, Robert"]
[Black "Barbeau, Sylvain"]
[Result "0-1"]
[WhiteElo "1699"]
[BlackElo "2306"]
[PlyCount "42"]
[EventDate "2016.04.22"]
[EventType "swiss"]
[EventRounds "5"]
[EventCountry "CAN"]
[SourceTitle "EXT 2022"]
[Source "ChessBase"]
[SourceDate "2021.10.06"]
[SourceVersion "1"]
[SourceVersionDate "2021.10.06"]
[SourceQuality "1"]

1. d4 f5 2. c4 Nf6 3. g3 g6 4. Bg2 Bg7 5. Nf3 0-0 6. 0-0 d6 7. Nc3 Nc6 8. a3 h6 9. b4 e5 10. d5 Ne7 11. Bb2 g5 12. Ra2 f4 13. Ba1 Nf5 14. Qc1 e4 15. Nd2 e3 16. Nde4 exf2+ 17. Rxf2 Ng4 18. Rf1 fxg3 19. hxg3 Bd4+ 20. Kh1 Qe8 21. Bh3 Qh5 0-1

[Event "Quebec-ch op"]
[Site "Montreal"]
[Date "2011.07.29"]
[Round "8"]
[White "Berube, Antoine"]
[Black "Barbeau, Sylvain"]
[Result "1-0"]
[WhiteElo "2142"]
[BlackElo "2333"]
[PlyCount "91"]
[EventDate "2011.07.23"]
[EventType "swiss"]
[EventRounds "9"]
[EventCountry "CAN"]
[SourceTitle "CBM 143 Extra"]
[Source "ChessBase"]
[SourceDate "2011.08.29"]
[SourceVersion "1"]
[SourceVersionDate "2011.08.29"]
[SourceQuality "1"]

1. d4 f5 2. g3 Nf6 3. Bg2 g6 4. Nf3 Bg7 5. 0-0 0-0 6. c4 d6 7. Nc3 Nc6 8. d5 Ne5 9. Nxe5 dxe5 10. b3 h6 11. Bb2 g5 12. f4 gxf4 13. gxf4 Ng4 14. Qd2 exf4 15. Nd1 e5 16. h3 Ne3 17. Nxe3 fxe3 18. Qxe3 f4 19. Qf2 Rf5 20. Kh2 Qe7 21. Rad1 Bf6 22. Rg1 Kh8 23. Qf3 Bh4 24. e3 Bg3+ 25. Kh1 Bd7 26. exf4 Bxf4 27. Rde1 Raf8 28. Rgf1 Kg8 29. d6 cxd6 30. Qxb7 Rh5 31. Bc1 Qg7 32. Bxf4 exf4 33. Rf3 Kh8 34. Ref1 Rg8 35. R1f2 Re5 36. Rxf4 Re1+ 37. Rf1 Re7 38. Qf3 Bc8 39. Qf2 Qg5 40. Rf8 Bb7 41. Bxb7 Rxb7 42. Rxg8+ Qxg8 43. Qf6+ Qg7 44. Qxd6 Re7 45. Qf6 Re2 46. Qd8+ 1-0

[Event "Quebec-ch op"]
[Site "Montreal"]
[Date "2010.07.26"]
[Round "4"]
[White "Leveille, Francois"]
[Black "Barbeau, Sylvain"]
[Result "1/2-1/2"]
[WhiteElo "2284"]
[BlackElo "2337"]
[PlyCount "77"]
[EventDate "2010.07.24"]
[EventType "swiss"]
[EventRounds "9"]
[EventCountry "CAN"]
[SourceTitle "CBM 137 Extra"]
[Source "ChessBase"]
[SourceDate "2010.09.01"]
[SourceVersion "1"]
[SourceVersionDate "2010.09.01"]
[SourceQuality "1"]

1. Nf3 Nf6 2. c4 c5 3. Nc3 e6 4. g3 b6 5. Bg2 Bb7 6. 0-0 Be7 7. Re1 d5 8. cxd5 Nxd5 9. Nxd5 Bxd5 10. d4 cxd4 11. Qa4+ Bc6 12. Qxd4 0-0 13. Rd1 Na6 14. Be3 Qxd4 15. Nxd4 Bxg2 16. Kxg2 Bf6 17. Nc6 Bxb2 18. Rab1 Bf6 19. Rd7 Nb8 20. Nxb8 Rfxb8 21. Rc1 Rd8 22. Rb7 Rdb8 23. Rcc7 Rxb7 24. Rxb7 Be5 25. Kf3 Rb8 26. Rxa7 b5 27. Ke4 f6 28. f4 Bb2 29. Bc5 Rc8 30. Be3 Rc4+ 31. Kd3 Rc3+ 32. Kd2 Ra3 33. Rxa3 Bxa3 34. Kc3 Kf7 35. Kb3 Bd6 36. a4 bxa4+ 37. Kxa4 h5 38. Kb5 Ba3 39. Kc6 1/2-1/2

[Event "Quebec-ch op"]
[Site "Montreal"]
[Date "2010.07.25"]
[Round "2"]
[White "Kovalyov, Anton"]
[Black "Barbeau, Sylvain"]
[Result "1-0"]
[WhiteElo "2599"]
[BlackElo "2337"]
[PlyCount "59"]
[EventDate "2010.07.24"]
[EventType "swiss"]
[EventRounds "9"]
[EventCountry "CAN"]
[SourceTitle "CBM 137 Extra"]
[Source "ChessBase"]
[SourceDate "2010.09.01"]
[SourceVersion "1"]
[SourceVersionDate "2010.09.01"]
[SourceQuality "1"]

1. Nf3 Nf6 2. c4 c5 3. Nc3 d5 4. cxd5 Nxd5 5. g3 g6 6. Qa4+ Nc6 7. Ne5 Nxc3 8. bxc3 Qd5 9. Nf3 Bd7 10. Bg2 Bg7 11. 0-0 Qd6 12. Ng5 b6 13. d3 h6 14. Ne4 Qe6 15. Bb2 0-0 16. Rfe1 Rac8 17. Qc2 Rfd8 18. a4 Qf5 19. h3 Qh5 20. Kh2 Ne5 21. c4 g5 22. Rh1 Bc6 23. Kg1 f5 24. Nc3 Bxg2 25. Kxg2 f4 26. Nd5 Qf7 27. gxf4 gxf4 28. Rag1 Rc6 29. Kf1 Rg6 30. Bxe5 1-0

[Event "Quebec-ch op"]
[Site "Montreal"]
[Date "2010.07.24"]
[Round "1"]
[White "Barbeau, Sylvain"]
[Black "Rousseau, Daniel"]
[Result "1-0"]
[WhiteElo "2337"]
[BlackElo "2093"]
[PlyCount "89"]
[EventDate "2010.07.24"]
[EventType "swiss"]
[EventRounds "9"]
[EventCountry "CAN"]
[SourceTitle "CBM 137 Extra"]
[Source "ChessBase"]
[SourceDate "2010.09.01"]
[SourceVersion "1"]
[SourceVersionDate "2010.09.01"]
[SourceQuality "1"]

1. Nf3 Nf6 2. g3 g6 3. b4 Bg7 4. Bb2 0-0 5. Bg2 d6 6. 0-0 Nbd7 7. c4 e5 8. Nc3 Re8 9. Qc2 h6 10. d3 Nf8 11. Nd5 Ne6 12. e3 Nd7 13. b5 c6 14. bxc6 bxc6 15. Nc3 Rb8 16. Rab1 Qc7 17. Ba3 Bb7 18. Nd2 d5 19. cxd5 cxd5 20. Rfc1 Nf6 21. Qa4 Bc6 22. Nxd5 Rxb1 23. Nxb1 Bxa4 24. Nxc7 Rc8 25. Nxe6 Rxc1+ 26. Bxc1 fxe6 27. Nc3 Bc2 28. Bf1 Nd5 29. Nxd5 exd5 30. f4 exf4 31. gxf4 Kf7 32. Kf2 Bb1 33. a3 Ke6 34. Ke2 Bc3 35. Bd2 Bb2 36. Bb4 a5 37. Bc5 Kd7 38. Kd2 Kc6 39. Bf8 h5 40. Bh3 d4 41. Be6 dxe3+ 42. Kxe3 Bc1+ 43. Ke4 g5 44. f5 Bf4 45. f6 1-0

[Event "Quebec-ch Elite qual"]
[Site "Montreal"]
[Date "2010.05.07"]
[Round "1"]
[White "Desjardins, Michel"]
[Black "Barbeau, Sylvain"]
[Result "1/2-1/2"]
[WhiteElo "2001"]
[BlackElo "2369"]
[PlyCount "21"]
[EventDate "2010.05.07"]
[EventType "swiss"]
[EventRounds "5"]
[EventCountry "CAN"]
[SourceTitle "EXT 2013"]
[Source "ChessBase"]
[SourceDate "2012.11.22"]
[SourceVersion "1"]
[SourceVersionDate "2012.11.22"]
[SourceQuality "1"]

1. e4 e5 2. Nc3 Nf6 3. Bc4 Nxe4 4. Qh5 Nd6 5. Bb3 Be7 6. Nf3 Nc6 7. Nxe5 0-0 8. 0-0 Nxe5 9. Qxe5 Ne8 10. Re1 Bf6 11. Bxf7+ 1/2-1/2

[Event "Montreal Pere Noel op"]
[Site "Montreal"]
[Date "2009.12.28"]
[Round "3"]
[White "Chiku Ratte, Olivier Kenta"]
[Black "Barbeau, Sylvain"]
[Result "0-1"]
[WhiteElo "1801"]
[BlackElo "2372"]
[PlyCount "116"]
[EventDate "2009.12.26"]
[EventType "swiss"]
[EventRounds "5"]
[EventCountry "CAN"]
[SourceTitle "EXT 2011"]
[Source "ChessBase"]
[SourceDate "2010.11.26"]
[SourceVersion "1"]
[SourceVersionDate "2010.11.26"]
[SourceQuality "1"]

1. d4 Nf6 2. c4 g6 3. Nc3 d5 4. cxd5 Nxd5 5. e4 Nxc3 6. bxc3 Bg7 7. Nf3 c5 8. Rb1 0-0 9. Be2 b6 10. 0-0 Bb7 11. Qd3 e6 12. Bg5 Qd6 13. Qe3 Rc8 14. Rfd1 cxd4 15. cxd4 Nd7 16. e5 Qf8 17. Rdc1 Rxc1+ 18. Rxc1 Rc8 19. Bb5 Nb8 20. Rc3 a6 21. Ba4 b5 22. Bb3 a5 23. Qc1 Na6 24. Bd2 a4 25. Bd1 Rxc3 26. Qxc3 Qd8 27. Ne1 Bf8 28. Nd3 Qb6 29. a3 Qc6 30. Qxc6 Bxc6 31. Bc1 b4 32. Nxb4 Nxb4 33. axb4 Bxb4 34. Bb2 Kf8 35. f3 Ke7 36. Kf2 Kd7 37. Ke3 Kc7 38. Bc2 a3 39. Ba1 Bd5 40. Be4 Bc4 41. Bd3 Bb3 42. h4 h6 43. g4 Be7 44. h5 gxh5 45. gxh5 f5 46. Be2 Bb4 47. f4 Kb6 48. Bd3 Ka5 49. Be2 Ka4 50. Kd3 Be1 51. Bc3 a2 52. Bb2 Kb4 53. Bf3 Ba4 54. d5 Kb3 55. Bd4 Bb5+ 56. Ke3 Bc3 57. Bd1+ Kb2 58. Bxc3+ Kxc3 0-1

[Event "Montreal op"]
[Site "Montreal"]
[Date "2009.09.11"]
[Round "1"]
[White "Plante, Michel"]
[Black "Barbeau, Sylvain"]
[Result "1/2-1/2"]
[WhiteElo "2049"]
[BlackElo "2365"]
[PlyCount "98"]
[EventDate "2009.09.11"]
[EventType "swiss"]
[EventRounds "5"]
[EventCountry "CAN"]
[SourceTitle "EXT 2011"]
[Source "ChessBase"]
[SourceDate "2010.11.26"]
[SourceVersion "1"]
[SourceVersionDate "2010.11.26"]
[SourceQuality "1"]

1. d4 Nf6 2. Nf3 g6 3. Bg5 Bg7 4. Nbd2 d6 5. e4 h6 6. Bh4 g5 7. Bg3 Nh5 8. c3 Nd7 9. Bc4 e6 10. Qc2 a6 11. a3 Qe7 12. Ba2 Nf8 13. 0-0-0 Ng6 14. Rhe1 0-0 15. Nf1 b5 16. Ne3 a5 17. Nf5 Qd8 18. Nxg7 Kxg7 19. e5 d5 20. b3 Qe7 21. Kb2 Ba6 22. Bb1 Rfc8 23. b4 Ra7 24. Re3 Rca8 25. Ne1 Bc8 26. Qe2 Nxg3 27. fxg3 Bd7 28. Rdd3 Be8 29. Nc2 Ra6 30. Rf3 R6a7 31. Rf6 c5 32. bxc5 b4 33. cxb4 Bb5 34. Qe3 Bxd3 35. Qxd3 axb4 36. axb4 Ra4 37. Kc1 Nf8 38. h4 Nd7 39. hxg5 hxg5 40. Qe3 Nxf6 41. Qxg5+ Kf8 42. exf6 Qb7 43. Qg7+ Ke8 44. Qg8+ Kd7 45. Qxf7+ Kc6 46. Qxe6+ Kb5 47. Qe2+ Kc6 48. Qe6+ Kb5 49. Qe2+ Kc6 1/2-1/2

[Event "Quebec op"]
[Site "Montreal"]
[Date "2009.07.19"]
[Round "2"]
[White "Barbeau, Sylvain"]
[Black "Thorfinnsson, Bjorn"]
[Result "1/2-1/2"]
[WhiteElo "2357"]
[BlackElo "2395"]
[PlyCount "106"]
[EventDate "2009.07.18"]
[EventType "swiss"]
[EventRounds "9"]
[EventCountry "CAN"]
[SourceTitle "CBM 131 Extra"]
[Source "ChessBase"]
[SourceDate "2009.09.03"]
[SourceVersion "2"]
[SourceVersionDate "2009.09.16"]
[SourceQuality "1"]

1. e4 e5 2. Nf3 Nc6 3. d4 exd4 4. Nxd4 Bc5 5. Nxc6 Qf6 6. Qf3 bxc6 7. Nc3 d6 8. Qg3 Ne7 9. f4 0-0 10. Na4 Bb6 11. Bd3 Re8 12. Nxb6 axb6 13. 0-0 Ba6 14. e5 Qe6 15. Bxa6 Rxa6 16. Qd3 Ra5 17. exd6 Rd5 18. Qe3 Qxd6 19. b3 Rd8 20. Re1 Kf8 21. Qf2 Nf5 22. Bb2 Rd2 23. Re2 Rxe2 24. Qxe2 Qxf4 25. Re1 Qd2 26. Be5 Qd7 27. Bc3 Nd6 28. Qe5 f6 29. Qh5 Kg8 30. a4 Qf7 31. Qf3 Qd5 32. Qxd5+ cxd5 33. Re7 Ne8 34. Bb4 h5 35. Kf1 Kh7 36. Be1 Kg6 37. Bb4 c5 38. Be1 Nd6 39. Rc7 Ne4 40. Rc6 Rd6 41. Rc7 Kh7 42. b4 Rd8 43. a5 bxa5 44. bxa5 Ra8 45. Rd7 d4 46. Ke2 Nc3+ 47. Bxc3 dxc3 48. Rd5 Rxa5 49. Rxh5+ Kg6 50. Rh3 Ra3 51. Rg3+ Kf7 52. Kd3 Ra4 53. Kxc3 g5 1/2-1/2

[Event "Quebec-ch int"]
[Site "Montreal"]
[Date "2009.06.25"]
[Round "7"]
[White "Bluvshtein, Mark"]
[Black "Barbeau, Sylvain"]
[Result "1-0"]
[WhiteElo "2558"]
[BlackElo "2357"]
[PlyCount "105"]
[EventDate "2009.06.19"]
[EventType "tourn"]
[EventRounds "9"]
[EventCountry "CAN"]
[EventCategory "7"]
[SourceTitle "CBM 130 Extra"]
[Source "ChessBase"]
[SourceDate "2009.07.02"]
[SourceVersion "2"]
[SourceVersionDate "2009.07.15"]
[SourceQuality "1"]

1. d4 Nf6 2. c4 g6 3. Nc3 d5 4. Qb3 dxc4 5. Qxc4 Bg7 6. e4 0-0 7. Be2 Nc6 8. Nf3 Bg4 9. Be3 Bxf3 10. gxf3 e5 11. dxe5 Nxe5 12. Qd4 Nh5 13. Qxd8 Raxd8 14. Rd1 f5 15. f4 Rxd1+ 16. Nxd1 Ng4 17. Bc1 Kh8 18. h3 Ngf6 19. e5 Nd5 20. Bxh5 gxh5 21. Ke2 Bh6 22. Kf3 Kg7 23. Re1 Kf7 24. Ne3 Ke6 25. Nxd5 Kxd5 26. Be3 a6 27. Rd1+ Ke6 28. Bb6 Rf7 29. Bxc7 Rd7 30. Rxd7 Kxd7 31. Bd6 Ke6 32. b3 Kd5 33. Bb4 Ke6 34. Kg3 h4+ 35. Kf3 Kd7 36. Ke3 Ke6 37. a4 Kd7 38. Kd4 Ke6 39. Kc5 Bf8+ 40. Kc4 Bh6 41. Bd2 Bf8 42. b4 Be7 43. Be3 Bf8 44. f3 h5 45. Bd2 Be7 46. Be1 Bf8 47. Bxh4 Bh6 48. Kc5 Bxf4 49. Kb6 Bd2 50. Kxb7 Kxe5 51. Kxa6 Bxb4 52. Bg5 f4 53. Kb5 1-0

[Event "Quebec-ch int"]
[Site "Montreal"]
[Date "2009.06.23"]
[Round "5"]
[White "Barbeau, Sylvain"]
[Black "Bhat, Vinay S"]
[Result "0-1"]
[WhiteElo "2357"]
[BlackElo "2475"]
[PlyCount "80"]
[EventDate "2009.06.19"]
[EventType "tourn"]
[EventRounds "9"]
[EventCountry "CAN"]
[EventCategory "7"]
[SourceTitle "CBM 130 Extra"]
[Source "ChessBase"]
[SourceDate "2009.07.02"]
[SourceVersion "2"]
[SourceVersionDate "2009.07.15"]
[SourceQuality "1"]

1. e4 e6 2. d4 d5 3. e5 c5 4. c3 Nc6 5. Nf3 Qb6 6. a3 Nh6 7. b4 cxd4 8. cxd4 Nf5 9. Bb2 Bd7 10. g4 Nh6 11. Rg1 f6 12. exf6 gxf6 13. Nc3 Nf7 14. Na4 Qc7 15. Rc1 Qf4 16. Nc5 Bxc5 17. Rxc5 Ng5 18. Nxg5 fxg5 19. Bc1 Qxd4 20. Qxd4 Nxd4 21. Rg3 Rf8 22. Bg2 h6 23. h4 gxh4 24. Rh3 h5 25. g5 Nf5 26. Bb2 Ke7 27. Bf3 b6 28. Rc1 Kd6 29. Bxh5 e5 30. Bg4 Rae8 31. Bxf5 Rxf5 32. Rxh4 Rxg5 33. Rh6+ Be6 34. Ke2 d4 35. b5 Kd5 36. Rc6 Bg4+ 37. Kd2 Rf8 38. Rhf6 Rf5 39. Rxf8 Rxf8 40. Ke1 Rh8 0-1

[Event "Quebec-ch int"]
[Site "Montreal"]
[Date "2009.06.20"]
[Round "2"]
[White "Ye, Ling Feng"]
[Black "Barbeau, Sylvain"]
[Result "1/2-1/2"]
[WhiteElo "2179"]
[BlackElo "2357"]
[PlyCount "84"]
[EventDate "2009.06.19"]
[EventType "tourn"]
[EventRounds "9"]
[EventCountry "CAN"]
[EventCategory "7"]
[SourceTitle "CBM 130 Extra"]
[Source "ChessBase"]
[SourceDate "2009.07.02"]
[SourceVersion "2"]
[SourceVersionDate "2009.07.15"]
[SourceQuality "1"]

1. e4 e5 2. Nf3 Nc6 3. Bb5 a6 4. Bxc6 dxc6 5. 0-0 f6 6. d4 exd4 7. Nxd4 c5 8. Ne2 Qxd1 9. Rxd1 Bd7 10. Nbc3 0-0-0 11. Be3 Re8 12. Rd2 Bc6 13. Rad1 b6 14. f3 Ne7 15. Nf4 Ng6 16. Ncd5 Ne5 17. b3 a5 18. c4 a4 19. Nh5 Kb7 20. Nc3 axb3 21. axb3 f5 22. Rd8 fxe4 23. Nxe4 Rxd8 24. Rxd8 Nf7 25. Rd1 Bxe4 26. fxe4 g6 27. Nf6 Bd6 28. g3 h5 29. Bf4 Ra8 30. Rd5 Bxf4 31. gxf4 Nd6 32. e5 Nf5 33. Rd7 Ra1+ 34. Kf2 Ra2+ 35. Kf3 Rxh2 36. Nd5 Rh3+ 37. Kg2 Rxb3 38. e6 Rb2+ 39. Kf1 Ng3+ 40. Kg1 Ne2+ 41. Kf1 Ng3+ 42. Kg1 Ne2+ 1/2-1/2

[Event "Montreal Ahuntsic op"]
[Site "Montreal"]
[Date "2009.04.18"]
[Round "2"]
[White "Barbeau, Sylvain"]
[Black "Bolduc, Steve"]
[Result "1-0"]
[WhiteElo "2272"]
[BlackElo "2174"]
[PlyCount "63"]
[EventDate "2009.04.18"]
[EventType "swiss (rapid)"]
[EventRounds "5"]
[EventCountry "CAN"]
[SourceTitle "EXT 2011"]
[Source "ChessBase"]
[SourceDate "2010.11.26"]
[SourceVersion "1"]
[SourceVersionDate "2010.11.26"]
[SourceQuality "1"]

1. Nf3 Nf6 2. g3 b6 3. Bg2 Bb7 4. 0-0 c5 5. c4 e6 6. Nc3 Be7 7. d4 cxd4 8. Qxd4 0-0 9. Rd1 d6 10. b3 Nbd7 11. e4 a6 12. Ba3 Nc5 13. e5 dxe5 14. Qxe5 Qc8 15. Bb2 Re8 16. Rd2 Bc6 17. Rad1 Qb7 18. Ne1 b5 19. cxb5 axb5 20. Bxc6 Qxc6 21. Nd3 Nfd7 22. Qe2 Nxd3 23. Rxd3 Nc5 24. Rd4 Rab8 25. b4 e5 26. Qxe5 Ne6 27. Nd5 Bf8 28. Rg4 Kh8 29. Nf6 Red8 30. Rxd8 Rxd8 31. Qe2 Ra8 32. Qd3 1-0

[Event "Montreal Ahuntsic op"]
[Site "Montreal"]
[Date "2009.04.18"]
[Round "1"]
[White "Gaulin, Gaetan"]
[Black "Barbeau, Sylvain"]
[Result "1/2-1/2"]
[WhiteElo "1923"]
[BlackElo "2272"]
[PlyCount "81"]
[EventDate "2009.04.18"]
[EventType "swiss (rapid)"]
[EventRounds "5"]
[EventCountry "CAN"]
[SourceTitle "EXT 2011"]
[Source "ChessBase"]
[SourceDate "2010.11.26"]
[SourceVersion "1"]
[SourceVersionDate "2010.11.26"]
[SourceQuality "1"]

1. Nf3 Nf6 2. c4 c5 3. g3 b6 4. Bg2 Bb7 5. 0-0 e6 6. Nc3 Be7 7. d4 cxd4 8. Nxd4 Bxg2 9. Kxg2 Qc8 10. Qd3 0-0 11. b3 d6 12. Qf3 Nbd7 13. Nc6 Re8 14. Nxe7+ Rxe7 15. Ba3 Ne5 16. Qe3 Qc6+ 17. Kg1 Rd7 18. Rac1 Ng6 19. Rfd1 a6 20. Na4 Rb8 21. Bb2 Ne8 22. h4 h6 23. Nc3 Ne7 24. Rd2 Rbd8 25. Rcd1 b5 26. cxb5 axb5 27. Qd3 b4 28. Na4 Nd5 29. Rc2 Qb7 30. Rdc1 Rc7 31. e4 Rxc2 32. Rxc2 Ndf6 33. f3 Nd7 34. Kh2 Nf8 35. Qe3 Nd7 36. Qe2 Nc7 37. Qc4 Ne8 38. Qe2 Nc7 39. Qc4 Ne8 40. Qe2 Nc7 41. Qc4 1/2-1/2

[Event "Quebec-ch playoff"]
[Site "Montreal"]
[Date "2009.01.05"]
[Round "2"]
[White "Barbeau, Sylvain"]
[Black "Hebert, Jean"]
[Result "1/2-1/2"]
[WhiteElo "2408"]
[BlackElo "2441"]
[PlyCount "83"]
[EventDate "2009.01.05"]
[EventType "match"]
[EventRounds "3"]
[EventCountry "CAN"]
[SourceTitle "EXT 2011"]
[Source "ChessBase"]
[SourceDate "2010.11.26"]
[SourceVersion "1"]
[SourceVersionDate "2010.11.26"]
[SourceQuality "1"]

1. e4 e6 2. d4 d5 3. e5 c5 4. c3 Nc6 5. Nf3 Bd7 6. Be2 f6 7. 0-0 fxe5 8. Nxe5 Nxe5 9. dxe5 Qc7 10. c4 d4 11. Bd3 0-0-0 12. Bf4 Ne7 13. Nd2 g5 14. Bxg5 Qxe5 15. Ne4 Rg8 16. Bh4 Qg7 17. Nd6+ Kc7 18. Bg3 e5 19. Nb5+ Bxb5 20. cxb5 Ng6 21. Bc4 Rh8 22. a4 h5 23. h3 Bd6 24. a5 Kb8 25. Re1 Qf6 26. a6 b6 27. Qd3 Rd7 28. Qe4 h4 29. Bh2 Rf8 30. Kh1 Nf4 31. Ra3 Qg6 32. Qxg6 Nxg6 33. Kg1 Rg7 34. Re4 Nf4 35. Bxf4 Rxf4 36. Rxf4 exf4 37. Kf1 Kc7 38. Rd3 Re7 39. Rd2 f3 40. gxf3 Bf4 41. Rd1 Kd6 42. Re1 1/2-1/2